00314nam a2200109Ia 45000010005000000080041000050200022000460820017000681000019000852450073001042600027001772318241024s9999 xx 000 0 und d a978-9945-469-99-8 aRD/792/T693a aEsteban Torres 0aAntropología dramática. Premio Letras de Ultramar de Ensayo 2011 bEditora Nacionalc2012